000 00933nam a2200265Ia 4500
001 22038
005 20260320113336.0
008 260320s9999||||xx |||||||||||||| ||und||
020 _a9786124102905
041 _aESP
082 _a791.436
_bH87
100 _aHuerta Vera, María Claudia,
_eAUT
245 0 _aHistoria, memoria y cine documental :
_bimágenes del conflicto armado interno peruano
246 _a
_5
_b
250 _aPrimera edición
260 _aLima :
_bUniversidad Antonio Ruiz de Montoya,
_c2025
300 _a69 páginas :
_b
_c19 cm.
_e
440 _a(Aportes para una historia cultural del Perú contemporáneo)
_n
_v
650 _aABD
653 _aCine; Películas cinomatográficas; Conflicto armado; Memoria colectiva
654 _aCHU
700 _a
_c
856 _uhttps://0u20jo9hc-y-https-www-jstor-org.itmsp.museknowledge.com/
_zVéase además: Base de datos JSTOR
942 _cLIB
_dJUS
_fMAT
_2ddc
_n
999 _c22038
_d22038